[Event "RUS-ch (Women) 59th"]
[Site "Voronezh"]
[Date "2009.06.07"]
[Round "7"]
[White "Ogloblina, Lidiya"]
[Black "Charochkina, Daria"]
[Result "0-1"]
[WhiteElo "2116"]
[BlackElo "2306"]
[PlyCount "44"]
[EventDate "2009.06.01"]
[EventType "swiss"]
[EventRounds "9"]
[EventCountry "RUS"]
[SourceTitle "CBM 130 Extra"]
[Source "ChessBase"]
[SourceDate "2009.07.02"]
[SourceVersion "2"]
[SourceVersionDate "2009.07.15"]
[SourceQuality "1"]

1. e4 c5 2. Nf3 Nc6 3. d4 cxd4 4. Nxd4 Nf6 5. Nc3 d6 6. Be2 e5 7. Nb3 Be7 8. Bg5 0-0 9. Bxf6 Bxf6 10. 0-0 Be6 11. Nd5 Bg5 12. Bc4 Rc8 13. c3 Nb4 14. Be2 Nxd5 15. exd5 Bd7 16. Nd2 f5 17. a4 Rf6 18. a5 Rg6 19. c4 Bf4 20. Nf3 e4 21. Nd4 Bxh2+ 22. Kh1 Qh4 0-1

[Event "RUS-ch (Women) 59th"]
[Site "Voronezh"]
[Date "2009.06.03"]
[Round "3"]
[White "Matveeva, Svetlana"]
[Black "Ogloblina, Lidiya"]
[Result "1-0"]
[WhiteElo "2410"]
[BlackElo "2116"]
[PlyCount "91"]
[EventDate "2009.06.01"]
[EventType "swiss"]
[EventRounds "9"]
[EventCountry "RUS"]
[SourceTitle "CBM 130 Extra"]
[Source "ChessBase"]
[SourceDate "2009.07.02"]
[SourceVersion "2"]
[SourceVersionDate "2009.07.15"]
[SourceQuality "1"]

1. d4 Nf6 2. c4 g6 3. Nc3 Bg7 4. e4 d6 5. Nf3 0-0 6. Be2 Bg4 7. Be3 Nc6 8. d5 Bxf3 9. Bxf3 Ne5 10. Be2 c5 11. f4 Ned7 12. 0-0 Re8 13. Kh1 a6 14. g4 Nf8 15. e5 N6d7 16. e6 fxe6 17. dxe6 Nb8 18. f5 Nc6 19. Bf3 Ne5 20. Bd5 Kh8 21. a4 Rb8 22. Ra3 Qc7 23. Qe2 Nc6 24. Qg2 Nd4 25. Be4 b5 26. cxb5 axb5 27. Bxd4 Bxd4 28. Nxb5 Rxb5 29. axb5 g5 30. Rfa1 c4 31. Bc6 Rd8 32. Ra8 Kg7 33. Qd2 Bf6 34. Rxd8 Qxd8 35. Qa5 Qb8 36. Qa7 Qd8 37. b6 Bd4 38. Qc7 Bxb6 39. Qxd8 Bxd8 40. Rc1 h5 41. h3 Nh7 42. Rxc4 hxg4 43. hxg4 Nf6 44. Kg2 d5 45. Ra4 Bb6 46. Kf3 1-0

[Event "Central FO-ch (Women)"]
[Site "Gagarin"]
[Date "2009.05.04"]
[Round "4"]
[White "Bogacheva, Anna"]
[Black "Ogloblina, Lidiya"]
[Result "1/2-1/2"]
[WhiteElo "1998"]
[BlackElo "2116"]
[PlyCount "61"]
[EventDate "2009.05.01"]
[EventType "swiss"]
[EventRounds "7"]
[EventCountry "RUS"]
[SourceTitle "CBM 130 Extra"]
[Source "ChessBase"]
[SourceDate "2009.07.02"]
[SourceVersion "2"]
[SourceVersionDate "2009.07.15"]
[SourceQuality "1"]

1. e4 d6 2. d4 Nf6 3. Bd3 Nbd7 4. Nf3 e5 5. c3 Be7 6. 0-0 0-0 7. Nbd2 c6 8. b3 Re8 9. Bb2 Bf8 10. Qc2 b6 11. Rad1 Qe7 12. Rfe1 Nh5 13. Bf1 Qf6 14. c4 g6 15. g3 Bg7 16. Bg2 a5 17. a3 Qe7 18. b4 Bb7 19. c5 axb4 20. cxd6 Qxd6 21. Nc4 Qe6 22. axb4 exd4 23. Bxd4 Bf8 24. Nxb6 Nxb6 25. Bxb6 Bxb4 26. Nd4 Qa2 27. Re2 Qxc2 28. Rxc2 c5 29. Bxc5 Bxc5 30. Rxc5 Bxe4 31. Bxe4 1/2-1/2

[Event "RUS Cup Regions"]
[Site "Belgorod"]
[Date "2008.11.25"]
[Round "6"]
[White "Ogloblina, Lidiya"]
[Black "Girya, Olga"]
[Result "0-1"]
[WhiteElo "2126"]
[BlackElo "2332"]
[PlyCount "82"]
[EventDate "2008.11.21"]
[EventType "swiss"]
[EventRounds "10"]
[EventCountry "RUS"]
[SourceTitle "EXT 2010"]
[Source "ChessBase"]
[SourceDate "2010.11.25"]
[SourceVersion "1"]
[SourceVersionDate "2010.11.25"]
[SourceQuality "1"]

1. e4 c5 2. c3 Nf6 3. e5 Nd5 4. d4 cxd4 5. Bc4 Nb6 6. Bb3 Nc6 7. cxd4 d5 8. exd6 e6 9. Nf3 Qxd6 10. 0-0 Be7 11. Nc3 a6 12. Re1 0-0 13. a3 Nd5 14. Ne4 Qd8 15. Qd3 Nf6 16. Ng3 b5 17. Bg5 Bb7 18. Rad1 Na5 19. Bc2 g6 20. Ne5 Rc8 21. h4 Qd5 22. f3 Nc4 23. Bb3 Rc7 24. Qe2 Qd6 25. Bh6 Rfc8 26. h5 Bf8 27. Bxf8 Qxf8 28. hxg6 hxg6 29. Bxc4 bxc4 30. Ne4 Nd5 31. Nc5 c3 32. b4 Qd6 33. Qd3 a5 34. Nxg6 Qg3 35. Re4 Nf6 36. Re5 Ng4 37. Ne7+ Kf8 38. Qh7 Nxe5 39. dxe5 Kxe7 40. Rd6 Qe1+ 41. Kh2 Qxe5+ 0-1

[Event "RUS Cup Regions"]
[Site "Belgorod"]
[Date "2008.11.24"]
[Round "5"]
[White "Ogloblina, Lidiya"]
[Black "Timofeeva, Ekaterina"]
[Result "0-1"]
[WhiteElo "2126"]
[BlackElo "2277"]
[PlyCount "120"]
[EventDate "2008.11.21"]
[EventType "swiss"]
[EventRounds "10"]
[EventCountry "RUS"]
[SourceTitle "EXT 2010"]
[Source "ChessBase"]
[SourceDate "2010.11.25"]
[SourceVersion "1"]
[SourceVersionDate "2010.11.25"]
[SourceQuality "1"]

1. e4 d6 2. d4 Nf6 3. Bd3 e5 4. c3 d5 5. dxe5 Nxe4 6. Nf3 Nc6 7. 0-0 Bg4 8. Bf4 Be7 9. Qe2 Nc5 10. Bc2 Ne6 11. Bg3 Qd7 12. h3 Bh5 13. Nbd2 0-0 14. Rfe1 Rad8 15. Rad1 a6 16. Bh2 Qc8 17. Nb3 Ng5 18. Nbd2 b5 19. Qe3 Ne6 20. g4 Bc5 21. Qe2 Bg6 22. Bf5 Bb6 23. Nb3 Ne7 24. Nh4 c5 25. Nd2 Qc6 26. Bg3 a5 27. Ndf3 b4 28. Qd2 d4 29. Qe2 bxc3 30. bxc3 Nd5 31. Nxg6 hxg6 32. Be4 Qa4 33. Bxd5 Rxd5 34. c4 Rd7 35. Rb1 Bc7 36. Red1 Rfd8 37. Ne1 d3 38. Rxd3 Qxc4 39. Rd2 Qa4 40. Rxd7 Rxd7 41. Nf3 c4 42. Rc1 Rd3 43. Kg2 Qb4 44. Qe4 Rc3 45. Rd1 Qa4 46. Rd2 Ra3 47. Rc2 Rxf3 48. Rxc4 Qxa2 49. Ra4 Ra3 50. Rc4 Qb3 51. g5 Qb8 52. Qc6 Rb3 53. Qd7 Qb7+ 54. Kh2 Qb8 55. Kg2 Rb1 56. f3 Rb2+ 57. Kh1 Qd8 58. Qa4 Rb1+ 59. Kg2 Qd2+ 60. Bf2 Qxg5+ 0-1

[Event "RUS Cup Regions"]
[Site "Belgorod"]
[Date "2008.11.21"]
[Round "1"]
[White "Girya, Olga"]
[Black "Ogloblina, Lidiya"]
[Result "1-0"]
[WhiteElo "2332"]
[BlackElo "2126"]
[PlyCount "55"]
[EventDate "2008.11.21"]
[EventType "swiss"]
[EventRounds "10"]
[EventCountry "RUS"]
[SourceTitle "EXT 2010"]
[Source "ChessBase"]
[SourceDate "2010.11.25"]
[SourceVersion "1"]
[SourceVersionDate "2010.11.25"]
[SourceQuality "1"]

1. e4 e5 2. Nf3 Nc6 3. Nc3 g6 4. d4 exd4 5. Nxd4 Bg7 6. Be3 Nf6 7. Nxc6 bxc6 8. e5 Ng8 9. Bd4 Qe7 10. Be2 Bxe5 11. 0-0 Bxd4 12. Qxd4 Qf6 13. Qc5 Qe7 14. Qa5 d5 15. Bb5 cxb5 16. Nxd5 Qd8 17. Rad1 Kf8 18. Nxc7 Bd7 19. Qb4+ Kg7 20. Nxa8 Nf6 21. Rd6 Qxa8 22. Qd4 Be6 23. Re1 Rc8 24. Rexe6 fxe6 25. Rd7+ Kh6 26. Qf4+ Kh5 27. g4+ Kh4 28. Qg3+ 1-0

[Event "RUS-ch (Women) 1st League 58th"]
[Site "Smolensk"]
[Date "2008.02.29"]
[Round "3"]
[White "Ivakhinova, Inna"]
[Black "Ogloblina, Lidiya"]
[Result "1-0"]
[WhiteElo "2250"]
[BlackElo "2153"]
[PlyCount "143"]
[EventDate "2008.02.27"]
[EventType "swiss"]
[EventRounds "9"]
[EventCountry "RUS"]
[SourceTitle "CBM 123 Extra"]
[Source "ChessBase"]
[SourceDate "2008.05.06"]
[SourceVersion "1"]
[SourceVersionDate "2008.05.06"]
[SourceQuality "1"]

1. d4 g6 2. c4 Bg7 3. Nc3 d6 4. e4 Nc6 5. d5 Nd4 6. Be3 c5 7. Nge2 Qb6 8. Qd2 Bg4 9. Na4 Qb4 10. Qxb4 Nc2+ 11. Kd2 Nxb4 12. h3 Bd7 13. Nac3 e6 14. g3 exd5 15. exd5 Ne7 16. Bf4 Nc8 17. Bg2 0-0 18. Rae1 b5 19. cxb5 c4 20. Nc1 Rb8 21. a3 Nd3 22. Nxd3 cxd3 23. Kxd3 a6 24. Kc2 axb5 25. Kb3 Bd4 26. Ne4 b4 27. axb4 Nb6 28. Nc3 Rfc8 29. Ra1 Nc4 30. Rhd1 Bg7 31. Bc1 h5 32. Bf1 Nb6 33. Bf4 Bf8 34. Rd2 Bf5 35. Ra6 Nd7 36. Ka3 Nb6 37. b5 Be7 38. h4 Rb7 39. Kb4 Nd7 40. Bxd6 Nb8 41. Ka5 Bd8+ 42. Ka4 Nxa6 43. bxa6 Bd7+ 44. Ka3 Rb6 45. Bf4 Rc5 46. Ka2 Ra5+ 47. Kb1 Bf5+ 48. Bd3 Bxd3+ 49. Rxd3 Raxa6 50. Kc2 Rb7 51. Ne4 Rab6 52. Be5 Rb4 53. Nc5 R7b5 54. Nd7 Rc4+ 55. Kd1 Ra5 56. d6 f5 57. Bc3 Ra1+ 58. Kd2 Rca4 59. Ne5 Kh7 60. Nc6 Ra8 61. b4 R8a2+ 62. Ke3 Bb6+ 63. Kf4 Rxf2+ 64. Ke5 Ra8 65. d7 Bc7+ 66. Kf6 f4 67. gxf4 Rxf4+ 68. Ke7 Re4+ 69. Kf7 Rf4+ 70. Bf6 Ra1 71. d8Q Bxd8 72. Rxd8 1-0

[Event "RUS Cup tt"]
[Site "Miass"]
[Date "2007.11.25"]
[Round "8"]
[White "Ogloblina, Lidiya"]
[Black "Novikova, Anna"]
[Result "0-1"]
[WhiteElo "2165"]
[BlackElo "2287"]
[PlyCount "70"]
[EventDate "2007.11.19"]
[EventType "swiss"]
[EventRounds "10"]
[EventCountry "RUS"]
[SourceTitle "CBM 121 Extra"]
[Source "ChessBase"]
[SourceDate "2008.01.10"]
[SourceVersion "1"]
[SourceVersionDate "2008.01.10"]
[SourceQuality "1"]

1. e4 c5 2. Nf3 e6 3. c3 d5 4. e5 d4 5. Na3 Ne7 6. Nb5 Nec6 7. b4 a6 8. Qa4 Nd7 9. Nd6+ Bxd6 10. exd6 cxb4 11. cxd4 Nb6 12. Qc2 Qxd6 13. Bb2 0-0 14. Be2 Bd7 15. 0-0 h6 16. Rac1 Rac8 17. Qe4 Qd5 18. Qb1 Na5 19. Ne5 Bb5 20. Bf3 Qd6 21. Rxc8 Rxc8 22. Re1 Rc7 23. d5 Nxd5 24. Ng4 Nc4 25. Bxd5 Qxd5 26. Ba1 Qg5 27. h3 a5 28. Qe4 Nxd2 29. Qd4 Rd7 30. Qb6 Nc4 31. Qa7 Bc6 32. Qb8+ Kh7 33. f4 Qd5 34. Re2 Qd1+ 35. Kh2 Qxe2 0-1

[Event "RUS Cup tt"]
[Site "Miass"]
[Date "2007.11.21"]
[Round "3"]
[White "Novikova, Anna"]
[Black "Ogloblina, Lidiya"]
[Result "0-1"]
[WhiteElo "2287"]
[BlackElo "2165"]
[PlyCount "104"]
[EventDate "2007.11.19"]
[EventType "swiss"]
[EventRounds "10"]
[EventCountry "RUS"]
[SourceTitle "CBM 121 Extra"]
[Source "ChessBase"]
[SourceDate "2008.01.10"]
[SourceVersion "1"]
[SourceVersionDate "2008.01.10"]
[SourceQuality "1"]

1. e4 e5 2. Nf3 Nc6 3. Bc4 Nf6 4. d3 h6 5. 0-0 d6 6. c3 g6 7. Re1 Bg7 8. b4 0-0 9. a4 a6 10. Qb3 Bg4 11. Nbd2 Nh5 12. h3 Bd7 13. Nf1 Qf6 14. N1h2 Nf4 15. Bxf4 Qxf4 16. Rad1 Rae8 17. a5 Nd8 18. Re3 Be6 19. Qc2 h5 20. h4 Kh8 21. g3 Qf6 22. Ng5 Bh6 23. Rf3 Qe7 24. Nxe6 Nxe6 25. d4 exd4 26. cxd4 Nd8 27. b5 axb5 28. Bxb5 c6 29. Bd3 Ne6 30. Qa4 Bg7 31. Bf1 Ra8 32. Ra3 Rfb8 33. Nf3 b5 34. Qc2 c5 35. dxc5 dxc5 36. e5 c4 37. Ra2 Qc7 38. Qc3 Ra7 39. Rd5 Nc5 40. Qb4 Bf8 41. Qe1 Ne6 42. Bh3 b4 43. Bxe6 fxe6 44. Rd1 b3 45. Raa1 c3 46. Nd4 c2 47. Nxe6 cxd1Q 48. Rxd1 Qc2 49. Rc1 Qf5 50. Nd4 Qd7 51. Rd1 b2 52. e6 Qxd4 0-1

[Event "Central FR-chT"]
[Site "Verkhnedneprovsk"]
[Date "2006.12.04"]
[Round "5"]
[White "Ogloblina, Lidiya"]
[Black "Benza, Artem"]
[Result "0-1"]
[WhiteElo "2176"]
[BlackElo "2295"]
[PlyCount "104"]
[EventDate "2006.11.30"]
[EventType "team-tourn"]
[EventRounds "7"]
[EventCountry "RUS"]
[SourceTitle "EXT 2019"]
[Source "ChessBase"]
[SourceDate "2018.10.10"]
[SourceVersion "1"]
[SourceVersionDate "2018.10.10"]
[SourceQuality "1"]

1. e4 c5 2. c3 Nf6 3. e5 Nd5 4. d4 cxd4 5. Nf3 d6 6. Bb5+ Bd7 7. Bc4 Bc6 8. 0-0 Nb6 9. Bb3 e6 10. cxd4 Be7 11. Nc3 0-0 12. Re1 N8d7 13. Bf4 dxe5 14. Nxe5 Nxe5 15. Bxe5 Nd7 16. Bf4 Nf6 17. Be5 Qd7 18. Qe2 b5 19. Rad1 Qb7 20. d5 exd5 21. Bxf6 Bxf6 22. Nxd5 Bd8 23. Qd3 a5 24. Re5 a4 25. Bc2 g6 26. Qd4 b4 27. Be4 b3 28. a3 Rc8 29. g3 Qd7 30. Bg2 Qd6 31. h4 Bxd5 32. Bxd5 Qf6 33. Rd2 Rc2 34. Re4 Qf5 35. Kg2 Bf6 36. Qd3 Rxb2 37. Rxb2 Bxb2 38. Qc4 Bg7 39. g4 Qd7 40. Bc6 Qd8 41. Bxa4 b2 42. Bc2 Kh8 43. a4 f5 44. gxf5 gxf5 45. Re1 Qa8+ 46. f3 Rg8 47. Kf2 Qa7+ 48. Kf1 Bf6 49. Bxf5 Qg1+ 50. Ke2 Re8+ 51. Be4 Qxe1+ 52. Kxe1 b1Q+ 0-1